000 01635nam a22003857a 4500
001 00283
003 DO-SdBNP
005 20180312140132.0
007 00283
008 160427b dr 2004||||| |||| 00| 0 spa d
020 _a9789993498667 (v. 1)
020 _a9788482616544 (v. 1) Cuaderno
020 _a9788482616704 (v. 1) Álbum
040 _aBPMSU
_bspa
_cBPMSU
092 _a372.257
_bG934n 7mo. 2004
100 1 _aGuerrero, Ángela
245 1 _aNaturaleza 7 :
_beducación básica /
_cÁngela Guerrero , Raquel Rodriguez ; dirección editorial Obdulia García de Escobar ; editora Claudia Llibre
300 _a3 v. :
_bil. retrs.
_c28 cm.
490 _aÁmbar
500 _aLa biblioteca posee el libro y el cuaderno y albúm
505 _tLa percepción del entorno --
_tLa coordinación del cuerpo --
_tLocomoción y coordinación --
_tHerencia y evolución --
_tLos ecosistemas --
_tRecursos e impacto ambiental --
_tLa materia --
_tLos estados de la materia --
_tLa tabla periódica --
_tLa energía de las ondas.
650 4 _aCIENCIAS NATURALES
_xENSEÑANZA BÁSICA
650 4 _aCIENCIAS NATURALES
_xESTUDIOS Y EJERCICIOS
650 4 _aCIENCIAS NATURALES
_xEDUCACIÓN PRIMARIA
650 4 _aCIENCIAS NATURALES
_xLIBROS DE TEXTOS
650 4 _aEDUCACIÓN PRIMARIA
_zREPÚBLICA DOMINICANA
700 1 2 _aRodrígues, Raquel.
700 1 2 _aGarcía de Escobar, Obdulia,
_e ed.
700 1 _aLlibre, Claudia,
_eed.
830 0 _aÁmbar
910 _aValidado. Control de calidad MFF
942 _2ddc
_cBK
945 _aRemanejado para la BNPHU / 2018 VM
956 _aBRENDA TAVÁREZ
_b10
_c20160429
_d00283
999 _c9966
_d9966